Social harmony / (Record no. 101111)

MARC details
000 -LEADER
fixed length control field 00562nam a22001817a 4500
005 - DATE AND TIME OF LATEST TRANSACTION
control field 20161110114911.0
010 ## - LCCN (DPL NO)
LC control number ENG-116347
020 ## - INTERNATIONAL STANDARD BOOK NUMBER
International Standard Book Number 9789350489802
Terms of availability 400.00
035 ## - SYSTEM CONTROL NUMBER
System control number EN-99879
037 ## - SOURCE OF ACQUISITION
Source of stock number/acquisition DBAD/PUB
082 ## - DEWEY DECIMAL CLASSIFICATION NUMBER
Classification number 320.95443
100 ## - MAIN ENTRY--PERSONAL NAME
Personal name Modi,Narendra
245 ## - TITLE STATEMENT
Title Social harmony /
Statement of responsibility, etc by Narendra Modi,edited by Kishor Makwana ;Trancleted by Deveng Nanavati
260 ## - PUBLICATION, DISTRIBUTION, ETC. (IMPRINT)
Place of publication, distribution, etc New Delhi
Name of publisher, distributor, etc Prabhat Prakashan
Date of publication, distribution, etc 2016
270 ## - ADDRESS
Address 4/19,Asaf Ali Road
City New Delhi
Postal code 110002
300 ## - PHYSICAL DESCRIPTION
Extent 246p.
Dimensions 22cm(Hb)
942 ## - ADDED ENTRY ELEMENTS (KOHA)
Source of classification or shelving scheme Dewey Decimal Classification
Item type English Books
Classification part 320.95443
Call number suffix MOD
Holdings
Withdrawn status Lost status Not for loan Collection code Home library Current library Date acquired Source of acquisition Cost, normal purchase price Full call number Barcode Copy number Cost, replacement price Koha item type
    Not For Loan Non-fiction D.B.Act.Division Bawana 01/07/2016 DBAD/PUB 400.00 320.95443 MOD EN-99879 1 400.00 English Books

© Delhi Public Library
Hit Counter
free hit counter